Movies Quiz

Random Movies or Pixar Quiz

Finding Nemo, Clicking Dory Quiz Stats

 Plays Quiz Updated Dec 9, 2017

Challenge
Share
Tweet
Embed
Score 0/16 Timer 06:00
11 Plays Today
% Correct
I forget things almost instantly; it runs in my family... at least I think it does.
94%
I shall call him Squishy and he shall be mine and he shall be my Squishy.
80.2%
Es-ca-pe. I wonder what that means? It's funny, it's spelled just like the word ''escape''!
79.6%
Hey, I've seen a boat! It passed by not too long ago!
77.4%
He's lost his son, Fabio.
76.2%
Just keep swimming.
69.2%
Hey look, balloons! It is a party!
64.9%
Wow. I wish I could speak whale.
64.8%
% Correct
P. Sherman, 42 Wallaby Way, Sydney.
63.9%
I'm thinking of something orange, and it's small.
61.7%
A game? Ah! I love games! Pick me!
59.2%
Are you my conscience?
56.5%
You really clocked me there! Am I bleeding?
50%
What is it with men and asking for directions?
43%
Whoa, nice trench.
40.7%
Sea monkey has my money.
17.6%

You're not logged in!

Compare scores with friends on all Sporcle quizzes.
OR
Log In

You Might Also Like...

Show Comments

Extras

Top Quizzes Today


Score Distribution

Your Account Isn't Verified!

In order to create a playlist on Sporcle, you need to verify the email address you used during registration. Go to your Sporcle Settings to finish the process.

Report this User

Report this user for behavior that violates our Community Guidelines.

Details: